000 00876nam a2200253 a 4500
003 DO-SdBNP
005 20220530100013.0
007 ta
008 220523e2017 dr ad||gr|||| 001 edspa d
020 _a9789945420000
040 _aDO-SdBNP
_bspa
_cBNPHU
082 4 _222
_bT554a
100 _975778
_aTiburcio Gómez, Esteban
_d1978-
245 1 0 _aApuntes sobre pensamiento complejo, educación e investigación. /
_cEsteban Tiburcio Gómez.
260 _aSan Francisco de Macorís, República Dominicana :
_bCotoy,
_c2017
300 _a218 p. :
_bil., gráf.
_c21 c.m.
500 _aIncluye datos biográficos del autor en la contracubierta.
500 _aIncluye biogliografía y notas al pie de páginas.
504 _aBibliografía: p. 206- 217
590 _aInvnetariado 2022 / MF
650 4 _920985
_aInferencia (Lógica)
910 _aMFeliz
942 _2ddc
_cLBS1
999 _c51787
_d51787